[Event "Catalunya-ch Seniors"]
[Site "Malgrat del Mar"]
[Date "2023.05.19"]
[Round "6"]
[White "Jucla Esteve, Francisco Javier"]
[Black "Ritter Aguilar, Jordi"]
[Result "0-1"]
[WhiteElo "1420"]
[BlackElo "1724"]
[PlyCount "80"]
[EventDate "2023.05.14"]
[EventType "swiss"]
[EventRounds "8"]
[EventCountry "ESP"]
[SourceTitle "CBM 214 Extra"]
[Source "ChessBase"]
[SourceDate "2023.07.31"]
[SourceVersion "1"]
[SourceVersionDate "2023.07.31"]
[SourceQuality "1"]

1. d4 Nf6 2. Bg5 h6 3. Bxf6 exf6 4. e4 d5 5. f3 c6 6. Bd3 Bd6 7. Ne2 0-0 8. Nbc3 Be6 9. a3 a6 10. Qd2 b5 11. f4 dxe4 12. Nxe4 Bd5 13. 0-0 Bc7 14. c3 Nd7 15. N2g3 Re8 16. Rae1 Nb6 17. Nh5 Bxe4 18. Bxe4 Qd6 19. Ng3 g6 20. Qd3 Kg7 21. Bf3 Nd5 22. Ne4 Qxf4 23. g3 Qf5 24. Bg2 Qc8 25. c4 f5 26. cxd5 fxe4 27. Bxe4 f5 28. Bg2 cxd5 29. Bxd5 Ra7 30. Rxe8 Qxe8 31. Qc3 Bb6 32. Kh1 Qd8 33. Qc6 Rd7 34. Bb3 Rxd4 35. Re1 Rd6 36. Qb7+ Rd7 37. Qc6 Qc7 38. Qe6 Qb7+ 39. Bd5 Qxd5+ 40. Qxd5 Rxd5 0-1

[Event "Vallfogona de Balaguer Farre Mem 1st"]
[Site "Vallfogona de Balaguer"]
[Date "2022.05.14"]
[Round "4"]
[White "Codina Garcia, Jose"]
[Black "Jucla Esteve, Francisco Javier"]
[Result "1-0"]
[WhiteElo "1892"]
[BlackElo "1516"]
[PlyCount "67"]
[EventDate "2022.04.23"]
[EventType "swiss"]
[EventRounds "8"]
[EventCountry "ESP"]
[SourceTitle "EXT 2023"]
[Source "ChessBase"]
[SourceDate "2022.10.05"]
[SourceVersion "1"]
[SourceVersionDate "2022.10.05"]
[SourceQuality "1"]

1. e4 c5 2. Nf3 Nc6 3. d4 cxd4 4. Nxd4 e5 5. Nb5 d6 6. N1c3 a6 7. Na3 Nf6 8. Bg5 Be7 9. Bxf6 Bxf6 10. Nd5 Bg5 11. Nc4 Be6 12. Ncb6 Rb8 13. c3 0-0 14. g3 f5 15. exf5 Bxf5 16. Bg2 Ne7 17. 0-0 Be6 18. Qe2 Nxd5 19. Nxd5 Bxd5 20. Bxd5+ Kh8 21. Rad1 b5 22. c4 Qb6 23. Qh5 Rxf2 24. Rxf2 Be3 25. Rdf1 Rf8 26. Qe2 Qd4 27. Kg2 Rxf2+ 28. Rxf2 Bxf2 29. Qxf2 Qxf2+ 30. Kxf2 bxc4 31. Bxc4 a5 32. a3 g5 33. b4 axb4 34. a4 1-0